[Event "Basel Easter op"]
[Site "Basel"]
[Date "2024.03.29"]
[Round "3"]
[White "Loeffler, Markus"]
[Black "Saminskij, Jan"]
[Result "1-0"]
[WhiteElo "2267"]
[BlackElo "2065"]
[PlyCount "63"]
[EventDate "2024.03.28"]
[EventType "swiss"]
[EventRounds "9"]
[EventCountry "SUI"]
[SourceTitle "CB14_2024"]
[SourceDate "2024.04.01"]
[SourceVersion "1"]
[SourceVersionDate "2024.04.01"]
[SourceQuality "1"]

1. e4 e6 2. d4 d5 3. Nc3 Nf6 4. e5 Nfd7 5. f4 c5 6. Nf3 Nc6 7. Be3 Be7 8. Qd2 a6 9. Bd3 b5 10. a3 Bb7 11. 0-0 0-0 12. Nd1 Qb6 13. c3 a5 14. f5 exf5 15. Bxf5 cxd4 16. cxd4 Rad8 17. Nc3 Ndxe5 18. dxe5 d4 19. Bf2 dxc3 20. Bxh7+ Kh8 21. Qxc3 b4 22. Qc2 Qb5 23. a4 Qa6 24. Bf5 Bc8 25. Be4 Bd7 26. Rfd1 b3 27. Qxb3 Nb4 28. Nd4 Bc5 29. Rac1 Qb6 30. Rxc5 Qxc5 31. Nf5 Qxe5 32. Qh3+ 1-0

[Event "Basel Easter op"]
[Site "Basel"]
[Date "2024.03.29"]
[Round "2"]
[White "Rohit, Krishna S"]
[Black "Loeffler, Markus"]
[Result "1-0"]
[WhiteElo "2410"]
[BlackElo "2267"]
[PlyCount "75"]
[EventDate "2024.03.28"]
[EventType "swiss"]
[EventRounds "9"]
[EventCountry "SUI"]
[SourceTitle "CB14_2024"]
[SourceDate "2024.04.01"]
[SourceVersion "1"]
[SourceVersionDate "2024.04.01"]
[SourceQuality "1"]

1. d4 Nf6 2. c4 g6 3. Nf3 Bg7 4. g3 c6 5. Bg2 d5 6. Qb3 dxc4 7. Qxc4 0-0 8. 0-0 Be6 9. Qa4 a5 10. Nc3 Na6 11. e4 b5 12. Qc2 Nb4 13. Qb1 a4 14. Rd1 Qc8 15. Be3 Rd8 16. Ne5 Ng4 17. Nxg4 Bxg4 18. Rd2 Bh3 19. Bf3 f5 20. a3 Na6 21. Qa2+ e6 22. Rc1 Qd7 23. exf5 gxf5 24. Ne2 Rac8 25. Nf4 Bg4 26. Bg2 Qf7 27. h3 Bh5 28. Nxh5 Qxh5 29. Qxe6+ Kh8 30. Rxc6 Nc7 31. Qa2 Ne8 32. Qe6 Rxc6 33. Bxc6 Nf6 34. Kg2 h6 35. Bf4 Nh7 36. Qe7 Bf6 37. Be5 Rf8 38. f4 1-0

[Event "Wch Seniors 50 30th"]
[Site "Assisi"]
[Date "2022.11.16"]
[Round "2"]
[White "Mileto, Gabriele"]
[Black "Loeffler, Markus"]
[Result "0-1"]
[WhiteElo "2074"]
[BlackElo "2260"]
[PlyCount "136"]
[EventDate "2022.11.15"]
[EventType "swiss"]
[EventRounds "11"]
[EventCountry "ITA"]
[SourceTitle "CBM 211 Extra"]
[Source "ChessBase"]
[SourceDate "2023.01.31"]
[SourceVersion "1"]
[SourceVersionDate "2023.01.31"]
[SourceQuality "1"]

1. Nf3 d5 2. d4 Nf6 3. c4 e6 4. g3 Bb4+ 5. Bd2 Be7 6. Bg2 0-0 7. 0-0 c6 8. Qc2 Nbd7 9. b3 b6 10. a4 Ba6 11. Rc1 Rc8 12. Na3 Bxa3 13. Rxa3 Qe7 14. Qb2 c5 15. a5 b5 16. cxb5 Bxb5 17. dxc5 Rxc5 18. Bc3 Ne4 19. b4 Rxc3 20. Raxc3 Nxc3 21. Rxc3 Bc4 22. Rc1 Rb8 23. Rb1 h6 24. Bf1 Qd6 25. e3 Bxf1 26. Kxf1 a6 27. Ne1 Ne5 28. Qc3 Nc6 29. Nd3 Nxa5 30. Qc5 Qxc5 31. Nxc5 Rb6 32. Ra1 Nc4 33. Nxa6 Ne5 34. Ke2 Kf8 35. Ra4 Ke7 36. f4 Nc4 37. Nc5 Kd6 38. Nd3 Rb7 39. Ra6+ Ke7 40. Ra4 Nb6 41. Ra1 Nc4 42. Ra6 Kf6 43. Ra4 g5 44. Ra8 Nd6 45. Kd2 Nc4+ 46. Ke2 Nd6 47. Kd2 Ne4+ 48. Kc2 Rc7+ 49. Kb2 Nc3 50. Nf2 Nb5 51. Ra1 Nd6 52. Re1 Rc4 53. Kb3 Ke7 54. Re2 Ne4 55. Nd1 Rc1 56. Nb2 Rc3+ 57. Ka4 Kd6 58. Ka5 Ra3+ 59. Kb6 Rb3 60. b5 Nc3 61. Rc2 Rxb5+ 62. Ka6 Rb3 63. fxg5 hxg5 64. h4 gxh4 65. gxh4 Ne4 66. Nd1 Rd3 67. Nf2 Nxf2 68. Rxf2 f5 0-1

[Event "Wch Seniors 50 30th"]
[Site "Assisi"]
[Date "2022.11.15"]
[Round "1"]
[White "Loeffler, Markus"]
[Black "Genovese, Alberto"]
[Result "1-0"]
[WhiteElo "2260"]
[BlackElo "1941"]
[PlyCount "52"]
[EventDate "2022.11.15"]
[EventType "swiss"]
[EventRounds "11"]
[EventCountry "ITA"]
[SourceTitle "CBM 211 Extra"]
[Source "ChessBase"]
[SourceDate "2023.01.31"]
[SourceVersion "1"]
[SourceVersionDate "2023.01.31"]
[SourceQuality "1"]

1. e4 e6 2. d4 d5 3. Nc3 Be7 4. Bd3 Nf6 5. Nf3 c5 6. exd5 exd5 7. dxc5 0-0 8. 0-0 Nbd7 9. Bg5 Nxc5 10. Re1 Bg4 11. Rxe7 Nxd3 12. Qxd3 Qxe7 13. Nxd5 Qd8 14. c4 Be6 15. Bxf6 gxf6 16. Nh4 Bxd5 17. cxd5 f5 18. Nxf5 Qf6 19. d6 Rac8 20. Ne7+ Kh8 21. Nxc8 Rxc8 22. d7 Rd8 23. Re1 Kg7 24. Re8 Qg5 25. Qd4+ Kh6 26. f4 Qa5 1-0

[Event "Bodenmais op"]
[Site "Bodenmais"]
[Date "2022.08.03"]
[Round "5"]
[White "Ivanov, Mike"]
[Black "Loeffler, Markus"]
[Result "1-0"]
[WhiteElo "2359"]
[BlackElo "2278"]
[PlyCount "93"]
[EventDate "2022.07.30"]
[EventType "swiss"]
[EventRounds "9"]
[EventCountry "GER"]
[SourceTitle "CBM 209 Extra"]
[Source "ChessBase"]
[SourceDate "2022.09.30"]
[SourceVersion "1"]
[SourceVersionDate "2022.09.30"]
[SourceQuality "1"]

1. e4 c5 2. Nc3 d6 3. d4 cxd4 4. Qxd4 Nc6 5. Qd2 g6 6. b3 Bh6 7. f4 Nf6 8. Bb2 0-0 9. 0-0-0 a5 10. Bb5 Qb6 11. Ba4 Bg4 12. Rf1 Rac8 13. h3 Be6 14. Bxc6 Qxc6 15. Qd3 b5 16. Qxb5 Qxb5 17. Nxb5 Nxe4 18. Ne2 a4 19. Nbc3 Nxc3 20. Bxc3 Rc7 21. Ba5 Ra7 22. Bb6 Ra6 23. Bd4 Rc8 24. Kd2 Bf5 25. Rc1 e5 26. Be3 axb3 27. axb3 Ra2 28. Nc3 Rb2 29. g4 exf4 30. gxf5 fxe3+ 31. Kd3 e2 32. Rb1 Rxb1 33. Rxb1 Re8 34. Re1 Re3+ 35. Kd4 Rxh3 36. Nd5 Bg7+ 37. f6 Rh4+ 38. Kd3 Rh3+ 39. Kxe2 Bh8 40. b4 Rh5 41. c4 Re5+ 42. Kd2 Rxe1 43. Kxe1 Bxf6 44. Nxf6+ Kf8 45. Nxh7+ Ke7 46. Ke2 Kd7 47. Nf6+ 1-0

[Event "SUI-ch 121st"]
[Site "Samnaun"]
[Date "2022.07.08"]
[Round "7"]
[White "Loeffler, Markus"]
[Black "Baenziger, Fabian"]
[Result "1/2-1/2"]
[WhiteElo "2278"]
[BlackElo "2451"]
[PlyCount "67"]
[EventDate "2022.07.04"]
[EventType "swiss"]
[EventRounds "9"]
[EventCountry "SUI"]
[SourceTitle "CBM 209 Extra"]
[Source "ChessBase"]
[SourceDate "2022.09.30"]
[SourceVersion "1"]
[SourceVersionDate "2022.09.30"]
[SourceQuality "1"]

1. Nf3 d5 2. g3 Bg4 3. Bg2 Nd7 4. h3 Bh5 5. d4 e6 6. 0-0 c6 7. c4 Ngf6 8. cxd5 exd5 9. Ne5 Ne4 10. g4 Nxe5 11. dxe5 Bg6 12. Nd2 h5 13. Nxe4 dxe4 14. Qxd8+ Rxd8 15. Be3 hxg4 16. hxg4 Rd5 17. Bxa7 Rxe5 18. f4 exf3 19. exf3 f5 20. Rad1 fxg4 21. fxg4 Re6 22. Rfe1 Bf7 23. Be4 Be7 24. a3 Rh4 25. Bf3 Rxe1+ 26. Rxe1 Kd7 27. Rd1+ Ke8 28. Kg2 Be6 29. Bf2 Rh6 30. b4 Bb3 31. Rd3 Bc2 32. Rd2 Bb3 33. Rd3 Bc2 34. Rd2 1/2-1/2

[Event "Davos Challenge op"]
[Site "Davos"]
[Date "2022.06.06"]
[Round "7"]
[White "Raja, Harshit"]
[Black "Loeffler, Markus"]
[Result "1/2-1/2"]
[WhiteElo "2479"]
[BlackElo "2262"]
[PlyCount "99"]
[EventDate "2022.06.03"]
[EventType "swiss"]
[EventRounds "7"]
[EventCountry "SUI"]
[SourceTitle "CBM 208 Extra"]
[Source "ChessBase"]
[SourceDate "2022.07.31"]
[SourceVersion "1"]
[SourceVersionDate "2022.07.31"]
[SourceQuality "1"]

1. e4 c5 2. Nf3 Nc6 3. Bb5 g6 4. Bxc6 bxc6 5. 0-0 Bg7 6. Re1 Nh6 7. Nc3 0-0 8. e5 d6 9. h3 Nf5 10. d3 Nd4 11. Bf4 Rb8 12. Rb1 Bf5 13. Nd2 dxe5 14. Bxe5 Bxe5 15. Rxe5 Qd7 16. Rxc5 Rfd8 17. Nb3 Qd6 18. Ra5 Qc7 19. Nxd4 Rxd4 20. Ra4 c5 21. Qe2 Bd7 22. Ra3 Bc6 23. Qe3 Rbb4 24. Rb3 a5 25. Re1 e6 26. Qe5 Qb6 27. Nd1 Rd5 28. Qg3 a4 29. Rxb4 Qxb4 30. c3 Qb5 31. c4 Qb4 32. Rxe6 fxe6 33. cxd5 Bxd5 34. Qe5 Bxa2 35. Ne3 Qe1+ 36. Kh2 Qxf2 37. Qxc5 Qxb2 38. Qc8+ Kg7 39. Qd7+ Kg8 40. Qe8+ Kg7 41. Qe7+ Kg8 42. Qd8+ Kg7 43. Ng4 Kf7 44. Qc7+ Kf8 45. Qd8+ Kf7 46. Qc7+ Kf8 47. Ne5 Qf2 48. Qd8+ Kg7 49. Qc7+ Kg8 50. Ng4 1/2-1/2

[Event "Locarno op 7th"]
[Site "Locarno"]
[Date "2022.04.10"]
[Round "4"]
[White "Loeffler, Markus"]
[Black "Spagnoli, Benjamin"]
[Result "1-0"]
[WhiteElo "2279"]
[BlackElo "1779"]
[PlyCount "65"]
[EventDate "2022.04.08"]
[EventType "swiss"]
[EventRounds "5"]
[EventCountry "SUI"]
[SourceTitle "CBM 207 Extra"]
[Source "ChessBase"]
[SourceDate "2022.05.31"]
[SourceVersion "1"]
[SourceVersionDate "2022.05.31"]
[SourceQuality "1"]

1. c4 Nf6 2. g3 e5 3. Bg2 c6 4. d4 exd4 5. Qxd4 d5 6. Nf3 Be7 7. 0-0 0-0 8. Rd1 dxc4 9. Qxd8 Rxd8 10. Rxd8+ Bxd8 11. Ne5 Be6 12. Nd2 c3 13. bxc3 Ba5 14. Bb2 Nbd7 15. Nxd7 Nxd7 16. Nb3 Bb6 17. Nd4 Bc4 18. e3 Ne5 19. a4 Ba5 20. Rb1 Ba2 21. Ra1 Bc4 22. Ba3 Rd8 23. Bb4 Bc7 24. a5 a6 25. Rb1 Bd3 26. Rd1 Be2 27. Rd2 Bc4 28. h3 g6 29. f4 Nd7 30. Bxc6 Nf6 31. Bxb7 Rb8 32. Bf3 Kg7 33. e4 1-0

[Event "Locarno op 7th"]
[Site "Locarno"]
[Date "2022.04.09"]
[Round "3"]
[White "Hryzlova, Sofiia"]
[Black "Loeffler, Markus"]
[Result "1-0"]
[WhiteElo "2097"]
[BlackElo "2279"]
[PlyCount "121"]
[EventDate "2022.04.08"]
[EventType "swiss"]
[EventRounds "5"]
[EventCountry "SUI"]
[SourceTitle "CBM 207 Extra"]
[Source "ChessBase"]
[SourceDate "2022.05.31"]
[SourceVersion "1"]
[SourceVersionDate "2022.05.31"]
[SourceQuality "1"]

1. d4 Nf6 2. c4 g6 3. Nc3 d5 4. cxd5 Nxd5 5. e4 Nxc3 6. bxc3 Bg7 7. Nf3 c5 8. Be3 Qa5 9. Qd2 0-0 10. Rc1 Nd7 11. Bd3 e5 12. d5 f5 13. Bh6 fxe4 14. Bxg7 Kxg7 15. Bxe4 Qa4 16. c4 Nf6 17. Bb1 e4 18. Ng5 Bf5 19. 0-0 h6 20. Ne6+ Bxe6 21. dxe6 Rae8 22. f3 Rxe6 23. Bxe4 b6 24. Bb1 Rf7 25. Qd3 Nd7 26. Rce1 Qc6 27. Qc3+ Nf6 28. Re4 Kh7 29. Rf4 Qd6 30. Qc2 Rg7 31. Rh4 Qe5 32. g4 Qg5 33. Qf2 Qf4 34. Qg3 Qxg3+ 35. hxg3 Rd7 36. g5 Ng8 37. f4 Re3 38. Kf2 Rde7 39. Rfh1 Re2+ 40. Kf3 Re1 41. f5 Rxh1 42. fxg6+ Kg7 43. gxh6+ Nxh6 44. Rxh1 Rd7 45. g4 Rd4 46. g5 Ng4 47. Rh7+ Kg8 48. Re7 Nh2+ 49. Kg2 Rd2+ 50. Kg3 Nf1+ 51. Kf4 Rf2+ 52. Ke5 Re2+ 53. Kd6 Rxe7 54. Kxe7 Kg7 55. Kd7 Ne3 56. Bd3 a6 57. Kc6 b5 58. cxb5 c4 59. Bxc4 axb5 60. Bd3 b4 61. Kc5 1-0

[Event "Limone Piemonte op"]
[Site "Limone Piemonte"]
[Date "2022.01.28"]
[Round "2"]
[White "Rotondaro, Alberto"]
[Black "Loeffler, Markus"]
[Result "1/2-1/2"]
[WhiteElo "2081"]
[BlackElo "2277"]
[PlyCount "84"]
[EventDate "2022.01.27"]
[EventType "swiss"]
[EventRounds "7"]
[EventCountry "ITA"]
[SourceTitle "EXT 2023"]
[Source "ChessBase"]
[SourceDate "2022.10.05"]
[SourceVersion "1"]
[SourceVersionDate "2022.10.05"]
[SourceQuality "1"]

1. e4 c5 2. Nf3 Nc6 3. d4 cxd4 4. Nxd4 e5 5. Nb5 d6 6. c4 Be6 7. N1c3 a6 8. Na3 g6 9. Be3 Bg7 10. Nd5 Bxd5 11. exd5 Nce7 12. Qb3 Nf6 13. Rd1 0-0 14. Be2 Nf5 15. Bb6 Qe7 16. 0-0 Nd7 17. Nc2 h5 18. Rfe1 Nxb6 19. Qxb6 Qd7 20. Bd3 Rac8 21. Re2 Ne7 22. b4 Rfd8 23. Ne3 Bh6 24. Rb1 Kh7 25. b5 axb5 26. Rxb5 f5 27. Reb2 e4 28. Bf1 Rc7 29. Qa5 Rb8 30. Qb4 Bg7 31. Rb1 Nc8 32. c5 dxc5 33. Rxc5 Rxc5 34. Qxc5 b6 35. Qc6 Qxc6 36. dxc6 Ra8 37. Bc4 Nd6 38. Bd5 Bd4 39. Rd1 Bc5 40. Nc4 Nxc4 41. Bxc4 Ra7 42. Be6 Kg7 1/2-1/2

[Event "Lugano op 10"]
[Site "Lugano"]
[Date "2021.10.31"]
[Round "4"]
[White "Loeffler, Markus"]
[Black "Einwiller, Dieter"]
[Result "1-0"]
[WhiteElo "2293"]
[BlackElo "2138"]
[PlyCount "59"]
[EventDate "2021.10.29"]
[EventType "swiss"]
[EventRounds "5"]
[EventCountry "SUI"]
[SourceTitle "CBM 205 Extra"]
[Source "ChessBase"]
[SourceDate "2022.01.31"]
[SourceVersion "1"]
[SourceVersionDate "2022.01.31"]
[SourceQuality "1"]

1. e4 d5 2. exd5 Nf6 3. d4 Nxd5 4. c4 Nb6 5. Nf3 g6 6. Nc3 Bg7 7. c5 Nd5 8. Bc4 c6 9. 0-0 Be6 10. Ng5 Nxc3 11. Nxe6 Nxd1 12. Nxd8 Nxb2 13. Bxb2 Kxd8 14. Bxf7 Nd7 15. Rad1 Rf8 16. Be6 Kc7 17. Bc1 h6 18. h4 Rf6 19. Rfe1 Nf8 20. Bh3 e6 21. Re4 Re8 22. Bf4+ Kd8 23. g3 Rf7 24. Rd3 Rd7 25. Bb8 b6 26. Bd6 Rxd6 27. cxd6 Kd7 28. d5 cxd5 29. Rxd5 Rc8 30. Rf4 1-0

[Event "Lugano op 10"]
[Site "Lugano"]
[Date "2021.10.30"]
[Round "2"]
[White "Loeffler, Markus"]
[Black "Jud, Marc"]
[Result "1-0"]
[WhiteElo "2293"]
[BlackElo "1779"]
[PlyCount "91"]
[EventDate "2021.10.29"]
[EventType "swiss"]
[EventRounds "5"]
[EventCountry "SUI"]
[SourceTitle "CBM 205 Extra"]
[Source "ChessBase"]
[SourceDate "2022.01.31"]
[SourceVersion "1"]
[SourceVersionDate "2022.01.31"]
[SourceQuality "1"]

1. d4 Nf6 2. c4 g6 3. Nc3 d5 4. cxd5 Nxd5 5. e4 Nxc3 6. bxc3 Bg7 7. Bc4 0-0 8. Ne2 c5 9. Be3 cxd4 10. cxd4 Qa5+ 11. Bd2 Qd8 12. Be3 Qa5+ 13. Bd2 Qd8 14. Bc3 Nc6 15. Qd2 b6 16. 0-0 Bb7 17. Rac1 Rc8 18. Rfd1 Qd6 19. d5 Ne5 20. Bb3 Nd7 21. Bxg7 Kxg7 22. f4 Rxc1 23. Qb2+ Kg8 24. Rxc1 Rc8 25. Rxc8+ Bxc8 26. Qd4 f6 27. Qe3 Kg7 28. Nd4 Bb7 29. Kf2 a6 30. h3 Qb8 31. Ne6+ Kh8 32. h4 Qd6 33. h5 Nc5 34. Nxc5 bxc5 35. h6 Qc7 36. Bc4 Bc8 37. e5 fxe5 38. fxe5 e6 39. dxe6 Qe7 40. Qf4 Kg8 41. Qf6 Qxf6+ 42. exf6 Kf8 43. Ke3 a5 44. Kf4 Ke8 45. Ke5 Kf8 46. Kd6 1-0

[Event "Innsbruck op 5th"]
[Site "Innsbruck"]
[Date "2021.08.24"]
[Round "5"]
[White "Sadhwani, Raunak"]
[Black "Loeffler, Markus"]
[Result "1-0"]
[WhiteElo "2579"]
[BlackElo "2295"]
[PlyCount "53"]
[EventDate "2021.08.21"]
[EventType "swiss"]
[EventRounds "9"]
[EventCountry "AUT"]
[SourceTitle "CBM 204 Extra"]
[Source "ChessBase"]
[SourceDate "2021.11.30"]
[SourceVersion "1"]
[SourceVersionDate "2021.11.30"]
[SourceQuality "1"]

1. e4 c5 2. Nf3 d6 3. d4 cxd4 4. Nxd4 Nf6 5. Nc3 a6 6. h3 e5 7. Nb3 Be7 8. g4 h6 9. Be3 Nbd7 10. a4 Qc7 11. a5 b5 12. axb6 Nxb6 13. Bxb6 Qxb6 14. Bb5+ Kf8 15. Bc4 Bb7 16. Qd3 g6 17. Rf1 Kg7 18. f4 exf4 19. Rxf4 d5 20. exd5 Bd6 21. Rxf6 Rhe8+ 22. Ne4 Rxe4+ 23. Qxe4 Bg3+ 24. Ke2 Qxf6 25. Rf1 Qxb2 26. Rxf7+ Kxf7 27. d6+ 1-0

[Event "Innsbruck op 5th"]
[Site "Innsbruck"]
[Date "2021.08.23"]
[Round "4"]
[White "Loeffler, Markus"]
[Black "Peyrer, Konstantin"]
[Result "1-0"]
[WhiteElo "2295"]
[BlackElo "2282"]
[PlyCount "149"]
[EventDate "2021.08.21"]
[EventType "swiss"]
[EventRounds "9"]
[EventCountry "AUT"]
[SourceTitle "CBM 204 Extra"]
[Source "ChessBase"]
[SourceDate "2021.11.30"]
[SourceVersion "1"]
[SourceVersionDate "2021.11.30"]
[SourceQuality "1"]

1. e4 c5 2. Nf3 d6 3. d4 cxd4 4. Nxd4 Nf6 5. Nc3 a6 6. h3 e6 7. g4 Nfd7 8. g5 Nc6 9. Be3 Qc7 10. h4 b5 11. a3 Bb7 12. h5 Nce5 13. Rh3 Nc5 14. Bg2 0-0-0 15. Qe2 Be7 16. 0-0-0 g6 17. f4 Nc6 18. Kb1 Kb8 19. Nxc6+ Bxc6 20. f5 gxf5 21. exf5 Bxg2 22. Qxg2 Rhg8 23. Rg3 exf5 24. Nd5 Qb7 25. Rf3 Bxg5 26. Bxg5 h6 27. Rxf5 Ne6 28. Qf1 Nxg5 29. Rf6 Rh8 30. Nb4 Qb6 31. Qf4 Ne6 32. Qf5 Rhf8 33. Rxh6 a5 34. Nd5 Qc5 35. Rf6 Rc8 36. Qd3 Qc4 37. Qxc4 Rxc4 38. Nb6 Rc7 39. Rxd6 Rg8 40. Nd7+ Ka7 41. Ne5 Rg1+ 42. Ka2 Nc5 43. Rxf7 Rxf7 44. Nxf7 Rh1 45. h6 b4 46. axb4 axb4 47. Rc6 b3+ 48. cxb3 Nd3 49. Rd6 Nc1+ 50. Ka3 Rh3 51. Rc6 Ne2 52. Ng5 Rh1 53. h7 Nd4 54. Rc8 Kb6 55. h8Q Nc2+ 56. Rxc2 Rxh8 57. b4 Kb5 58. Rc5+ Kb6 59. Ne4 Rh1 60. Nc3 Kb7 61. Ka4 Rh2 62. b3 Rh6 63. Nd5 Ra6+ 64. Kb5 Rd6 65. Rc7+ Kb8 66. Kc5 Rh6 67. Rg7 Rh1 68. b5 Rh6 69. Nb4 Ka8 70. Rd7 Rg6 71. b6 Rg5+ 72. Kc6 Rg8 73. Ra7+ Kb8 74. Na6+ Kc8 75. Ra8# 1-0

[Event "Innsbruck op 5th"]
[Site "Innsbruck"]
[Date "2021.08.22"]
[Round "3"]
[White "Morgunov, Marc"]
[Black "Loeffler, Markus"]
[Result "0-1"]
[WhiteElo "2401"]
[BlackElo "2295"]
[PlyCount "120"]
[EventDate "2021.08.21"]
[EventType "swiss"]
[EventRounds "9"]
[EventCountry "AUT"]
[SourceTitle "CBM 204 Extra"]
[Source "ChessBase"]
[SourceDate "2021.11.30"]
[SourceVersion "1"]
[SourceVersionDate "2021.11.30"]
[SourceQuality "1"]

1. e4 c5 2. Nf3 d6 3. Bb5+ Nd7 4. 0-0 a6 5. Bd3 Ngf6 6. Re1 e6 7. c3 b5 8. Bc2 c4 9. a4 Bb7 10. d4 cxd3 11. Qxd3 Nc5 12. Qe2 bxa4 13. Be3 Nfd7 14. Bxc5 Nxc5 15. e5 dxe5 16. Nxe5 Qd5 17. f3 Bd6 18. Nc4 Bc7 19. Nbd2 0-0 20. Ne4 Nxe4 21. Bxe4 Qc5+ 22. Kh1 Bxe4 23. Qxe4 Qb5 24. Ra2 Rad8 25. Rea1 g6 26. g3 Rd7 27. Rxa4 a5 28. Qc2 Rfd8 29. Re1 Rd3 30. Kg2 Qg5 31. Qf2 Qb5 32. Qc2 Qg5 33. Qf2 h5 34. Re4 Rd1 35. b4 axb4 36. Rxb4 h4 37. Qe3 Qf5 38. gxh4 R8d3 39. Qe2 Qc5 40. Re3 R1d2 41. Nxd2 Rxe3 42. Qc4 Qe5 43. Nf1 Rxc3 44. Qe4 Qc5 45. Rb2 Rc4 46. Qe1 Qh5 47. Ra2 Rxh4 48. Ra8+ Kh7 49. Qc3 Be5 50. Qc8 Qg5+ 51. Kf2 Bd4+ 52. Ke1 Qe5+ 53. Kd1 Qf5 54. Ke2 Qb5+ 55. Ke1 Qb1+ 56. Ke2 Qb2+ 57. Kd1 Bg7 58. Qg8+ Kh6 59. Qxf7 Rc4 60. Nd2 Rd4 0-1

[Event "Biel HTO 54th"]
[Site "Biel"]
[Date "2021.08.04"]
[Round "9"]
[White "Loeffler, Markus"]
[Black "Manukonda, Arun"]
[Result "1/2-1/2"]
[WhiteElo "2295"]
[BlackElo "2033"]
[PlyCount "70"]
[EventDate "2021.07.26"]
[EventType "swiss"]
[EventRounds "9"]
[EventCountry "SUI"]
[SourceTitle "CBM 203 Extra"]
[Source "ChessBase"]
[SourceDate "2021.09.30"]
[SourceVersion "1"]
[SourceVersionDate "2021.09.30"]
[SourceQuality "1"]

1. e4 c5 2. Nf3 d6 3. d4 cxd4 4. Nxd4 Nf6 5. Nc3 a6 6. h3 e5 7. Nde2 h5 8. Bg5 Be6 9. Bxf6 Qxf6 10. Nd5 Qd8 11. Qd3 Nd7 12. 0-0-0 g6 13. Kb1 Nc5 14. Qa3 Bg7 15. h4 b5 16. Nec3 Bd7 17. f3 Rb8 18. b4 a5 19. Qxa5 Qxa5 20. bxa5 b4 21. Nb5 0-0 22. Nxd6 Na4 23. Bc4 Nc3+ 24. Nxc3 bxc3+ 25. Ka1 Be6 26. Bxe6 fxe6 27. Rd3 Rfd8 28. Rhd1 Bf8 29. a6 Ra8 30. Nb5 Rdb8 31. Nc7 Ba3 32. Rb1 Rxb1+ 33. Kxb1 Rb8+ 34. Ka1 Bb2+ 35. Kb1 Ba3+ 1/2-1/2

[Event "Biel HTO 54th"]
[Site "Biel"]
[Date "2021.08.01"]
[Round "6"]
[White "Dornieden, Jonas"]
[Black "Loeffler, Markus"]
[Result "0-1"]
[WhiteElo "2001"]
[BlackElo "2295"]
[PlyCount "80"]
[EventDate "2021.07.26"]
[EventType "swiss"]
[EventRounds "9"]
[EventCountry "SUI"]
[SourceTitle "CBM 203 Extra"]
[Source "ChessBase"]
[SourceDate "2021.09.30"]
[SourceVersion "1"]
[SourceVersionDate "2021.09.30"]
[SourceQuality "1"]

1. e4 c5 2. c3 d5 3. exd5 Qxd5 4. d4 Nf6 5. Nf3 Bg4 6. dxc5 Qxd1+ 7. Kxd1 e6 8. b4 a5 9. Bb2 Be7 10. Bb5+ Nc6 11. Bxc6+ bxc6 12. Ke1 Bxf3 13. gxf3 Nd5 14. a3 Bf6 15. Kd2 0-0-0 16. Kc2 Nf4 17. Nd2 Rd3 18. Rad1 Rhd8 19. Rhf1 Kc7 20. Nc4 Rxf3 21. Rxd8 Kxd8 22. Nxa5 Kc7 23. Nc4 Nd5 24. Nd2 Rh3 25. c4 Nf4 26. b5 Bxb2 27. Kxb2 Nd3+ 28. Kc2 Nxc5 29. f3 Rxh2 30. Rb1 Kb6 31. Kc3 h5 32. Nb3 Nxb3 33. Rxb3 Rh3 34. Kd2 cxb5 35. cxb5 Rh4 36. Ke2 Ra4 37. Re3 Ra5 38. a4 Rxa4 39. Re5 g6 40. Ke3 Rb4 0-1